Album a színházról

Elmentve itt :
Bibliográfiai részletek
Dokumentumtípus: Cikk
Megjelent: 1969-09-03
Sorozat:Délmagyarország 59 No. 203
Kulcsszavak:Szegedi Nemzeti Színház, Színháztörténet Szeged 1969
Online Access:http://dmarchiv.bibl.u-szeged.hu/75117
LEADER 00435nab a2200145 i 4500
001 delm75117
005 20180928084312.0
008 180928s1969 hu o 0|| hun d
040 |a SZTE Délmagyarország Archívum  |b hun 
041 |a hun 
245 0 0 |a Album a színházról  |h [elektronikus dokumentum] 
260 |c 1969-09-03 
300 |a 7 
490 0 |a Délmagyarország  |v 59 No. 203 
695 |a Szegedi Nemzeti Színház, Színháztörténet Szeged 1969